| 000 -LEADER |
| fixed length control field |
00420nam a22000977a 4500 |
| 008 - FIXED-LENGTH DATA ELEMENTS--GENERAL INFORMATION |
| fixed length control field |
200720b ||||| |||| 00| 0 eng d |
| 100 ## - MAIN ENTRY--AUTHOR'S NAME |
| Author's Name |
Gartner, Christoph |
| 245 ## - TITLE STATEMENT |
| Title |
Collection Peter Zgonc, Togo, British & French occupation (auction April 7, 2018) |
| 260 ## - PUBLICATION, DISTRIBUTION, ETC. (IMPRINT) |
| Place of publication, distribution, etc. |
Bietigheim-Bissingen, Germany |
| Name of publisher, distributor, etc. |
Gartner, Christop |
| Date of publication, distribution, etc. |
2018 |
| 650 ## - TOPICAL TERM (Tag) |
| Topical term or geographic name |
Togo (1897-) | Great Britain -- Occupation of Togo | France -- Occupation of Togo | Auctions |